Corrupción y delitos económicos en el fútbol (Registro nro. 36259)

Detalles MARC
000 -LEADER
fixed length control field 00359 a2200109 4500
001 - CONTROL NUMBER
control field ART_60817
005 - DATE AND TIME OF LATEST TRANSACTION
control field 20260410162056.0
008 - FIXED-LENGTH DATA ELEMENTS--GENERAL INFORMATION
fixed length control field 260409a
100 1# - MAIN ENTRY--PERSONAL NAME
Personal name Catalano, Mariana
245 10 - TITLE STATEMENT
Title Corrupción y delitos económicos en el fútbol
773 0# - HOST ITEM ENTRY
Title Temas de derecho penal y procesal penal
Related parts - Año 6, N° 4/5 (abr./mayo 2024)
Record control number REV60798

No hay ítems disponibles.